Endophysics, time, quantum, and the subjective (Record no. 138199)
[ view plain ]
| 000 -LEADER | |
|---|---|
| fixed length control field | 01592nam a2200361 a 4500 |
| 245 10 - TITLE STATEMENT | |
| Title | Endophysics, time, quantum, and the subjective |
| 260 ## - PUBLICATION, DISTRIBUTION, ETC. (IMPRINT) | |
| Place of publication | Hackensack, NJ : |
| Name of publisher | World Scientific, |
| Year of publication | c2005. |
| 300 ## - PHYSICAL DESCRIPTION | |
| Number of Pages | xx, 609 p. : |
| Other physical details | ill. |
| 650 #0 - SUBJECT ADDED ENTRY--TOPICAL TERM | |
| Topical Term | Time perception |
| Topical Term | Consciousness |
| Topical Term | Space and time |
| Topical Term | Quantum theory |
| 700 1# - ADDED ENTRY--PERSONAL NAME | |
| Personal name | Buccheri, R. |
| Personal name | Elitzur, Avshalom C. |
| Personal name | Saniga, Metod. |
| 856 40 - ELECTRONIC LOCATION AND ACCESS | |
| Uniform Resource Identifier | http://site.ebrary.com/lib/rucke/Doc?id=10173961 |
No items available.
